000 00835nam a2200253Ia 4500
003 OSt
005 20220930072844.0
006 a|||||r|||| 00| 0
007 ta
008 220926b |||||||| |||| 00| 0 eng d
024 _a25613
037 _cTheses
040 _aCRL
_cCRL
_beng
041 _2eng
_aeng
100 _aPattanayak Sanjay Kumar
_9530583
110 _aUniversity of Delhi. Faculty of Science. Department of Geology
245 0 _aGeochemical flow stratigraphy of basalts from eastern Deccan volcanic province, India.
260 _c1999
650 _aGEOLOGY
700 _a Shrivastava Jaya Prakash Supervisor
_9530584
700 _aUniversity of Delhi. Faculty of Science. Department of Geology
942 _cDIS
_2CC
999 _c864395
_d864395